000 00953cam a2200253 4500
001 L159494
008 060329n2011 000 0 eng u
020 _a9781848061743
035 _a(Sirsi) u159494
041 0 _aeng
050 0 4 _a697.9 $2 18
100 1 _aJaggs, Mike
245 0 0 _aAirtightness in commercial and public buildings
250 _a3rd ed.
260 _aWatford
_bBRE
_c2011
300 _a27p.
_bill.
_c30cm.
490 0 _aBRE
_vFB 35
520 _aProvides comprehensive practical guidance on airtightness and detailing for commercial and public buildings, and other non-domestic buildings. This guide provides generic examples of frequently occurring air leakage paths and practical guidance on methods and materials suitable for sealing common construction detailing.
650 2 4 _aHEATING AND VENTILATION
651 4 _aUnited Kingdom
_y
690 _aDesign and specification
700 1 _aScivyer, Chris
942 _n0
999 _c115953
_d115953